000 00942nas a2200313 4500
001 BR2017001384
003 BR-BrBNA
005 20231205130938.0
007 ta
008 230509b bl.|||p| |||| 00| 00por d
040 _aBR-BrBNA
_bpor
_cBiblioteca Nacional de Agricultura
041 _a(Pt)
072 _aE14
100 1 _aBolfe, E.L.
100 1 _aVIctória, D. de C.
100 1 _aContini, E.
100 1 _aBayma-SIlva, G.
100 1 _aSpinelli-Araujo, L.
100 1 _aGomes, D.
245 1 _aMatopiba em crescimento agrícola - Aspectos territoriais e socioeconômicos
650 _aAGRICULTURA
650 _aCERRADO
650 _aDESENVOLVIMENTO RURAL
650 _aPOLÍTICAS PÚBLICAS
650 _aQUALIDADE DE VIDA
773 0 _tRevista de Política Agrícola (Brazil)
_xISSN 1413-4969
_g(Oct-Dec 2016), v. 25(4) p. 38-62
_wBR2017001384
909 _a202311
_bLúcia
_c55
_dLúcia Elande
942 _2AGRIS
_n0
_cANA
999 _c252193
_d252193